Memoria leída en la Asamblea General ordinaria celebrada el día 28 de febrero de 1887 en el salón de la Junta Provincial de Agricultura, Industria y Comercio en la Casa-Lonja del mar / (Registro nro. 38513)

Detalles MARC
000 -LEADER
campo de control de longitud fija 00725nam a2200181 i 4500
001 - NÚMERO DE CONTROL
campo de control 38513
003 - IDENTIFICADOR DE NÚMERO DE CONTROL
campo de control ES-MaACL
005 - FECHA Y HORA DE LA ÚLTIMA TRANSACCIÓN
campo de control 20250901093930.0
007 - CAMPO FIJO DE DESCRIPCIÓN FÍSICA--INFORMACIÓN GENERAL
campo de control de longitud fija t|
008 - DATOS DE LONGITUD FIJA--INFORMACIÓN GENERAL
campo de control de longitud fija 030225s1887 sp ||||1| spa d
110 2# - ENTRADA PRINCIPAL--NOMBRE DE ENTIDAD CORPORATIVA
Nombre de entidad corporativa o nombre de jurisdicción como elemento de entrada Cámara de Comercio de Barcelona
9 (RLIN) 2357
245 10 - MENCIÓN DEL TÍTULO
Título Memoria leída en la Asamblea General ordinaria celebrada el día 28 de febrero de 1887 en el salón de la Junta Provincial de Agricultura, Industria y Comercio en la Casa-Lonja del mar /
Mención de responsabilidad, etc. Cámara de Comercio de Barcelona.
260 ## - PUBLICACIÓN, DISTRIBUCIÓN, ETC.
Lugar de publicación, distribución, etc. Barcelona :
Nombre del editor, distribuidor, etc. [s.n.],
Fecha de publicación, distribución, etc. 1887 (
Fabricante Imprenta Barcelonesa)
300 ## - DESCRIPCIÓN FÍSICA
Extensión 15 p. ;
Dimensiones 28 cm.
610 24 - PUNTO DE ACCESO ADICIONAL DE MATERIA--NOMBRE DE ENTIDAD CORPORATIVA
Nombre de entidad corporativa o nombre de jurisdicción como elemento de entrada Cámara de Comercio de Barcelona-
Subdivisión de forma Memorias.
9 (RLIN) 165176
852 ## - LOCALIZACIÓN
Ubicación ES-MaACL
Número de control de estantería T-446-F-2
Existencias
Estatus retirado Estado de pérdida Estado de daño No para préstamo Colección Biblioteca de origen Biblioteca actual Ubicación en estantería Fecha de adquisición Fuente de adquisición Total de préstamos Signatura topográfica completa Código de barras Visto por última vez Precio de reemplazo Tipo de ítem Koha
        Colección de folletos Biblioteca del Ateneo de Madrid Biblioteca del Ateneo de Madrid Depósito folletos 17/01/2008     T-446-F-2 1040547 23/02/2023 23/02/2023 Folleto